| 000 | 00472nam a22001697a 4500 | ||
|---|---|---|---|
| 003 | OSt | ||
| 005 | 20251125101102.0 | ||
| 008 | 251125b |||||||| |||| 00| 0 eng d | ||
| 020 | _a978-0-06-231889-3 | ||
| 040 |
_aDWC-Main lib. _cOC |
||
| 082 | _aFic. C344p 2013 | ||
| 100 | _aCass, Kiera | ||
| 245 |
_aThe prince : _ba selection novella _cKiera Cass |
||
| 260 |
_aNew York : _bHarper Collins, _cc2013. |
||
| 300 |
_a60 pages ; _c21 cm. |
||
| 942 |
_2ddc _cFIC. _hFic. _n0 |
||
| 999 |
_c6205 _d6205 |
||